000 004650000a22001810004500
003 LK-CoMWRAF
005 20231013113130.0
008 230817t ||||| |||| 00| 0 eng d
040 _aLK-CoMWRAF
_dLK-CoMWRAF
_eLK-CoMWRAF
041 _aeng
082 _a297
_bNAD
100 _aNadwi, Syed Abdul Hasan Ali
245 _aThe Four pillars of Islam
260 _aKarachi (Pakistan) :
_bFazle Rabbi Nadwi,
_c1972
300 _a286p
650 _aIslam
942 _cBK
999 _c1397
_d1397